Signal and system (Record no. 490601)
[ view plain ]
| 000 -LEADER | |
|---|---|
| fixed length control field | 00339nam a22001457a 4500 |
| 020 ## - INTERNATIONAL STANDARD BOOK NUMBER | |
| International Standard Book Number | 9788189757296 |
| 082 ## - DEWEY DECIMAL CLASSIFICATION NUMBER | |
| Classification number | 621.3822 SON |
| 100 ## - MAIN ENTRY--PERSONAL NAME | |
| Personal name | Soni .K.M |
| 245 ## - TITLE STATEMENT | |
| Title | Signal and system |
| 260 ## - PUBLICATION, DISTRIBUTION, ETC. | |
| Place of publication, distribution, etc. | New Delhi |
| Name of publisher, distributor, etc. | S.K.Kataria & Sons |
| Date of publication, distribution, etc. | 2006 |
| 300 ## - PHYSICAL DESCRIPTION | |
| Extent | 350 |
| Other physical details | P.B |
| 650 ## - SUBJECT ADDED ENTRY--TOPICAL TERM | |
| Topical term or geographic name entry element | Signal and system |
| 700 ## - ADDED ENTRY--PERSONAL NAME | |
| Personal name | K.M.Soni |
| 942 ## - ADDED ENTRY ELEMENTS (KOHA) | |
| Koha item type | Book |
| Withdrawn status | Lost status | Damaged status | Not for loan | Collection code | Permanent Location | Current Location | Shelving location | Date acquired | Source of acquisition | Cost, normal purchase price | Total Checkouts | Total Renewals | Full call number | Barcode | Date last seen | Date last checked out | Price effective from | Koha item type |
|---|---|---|---|---|---|---|---|---|---|---|---|---|---|---|---|---|---|---|
| Central Library (CL) | Central Library (CL) | General Stacks | 01/04/2017 | Allied book company | 338.40 | 4 | 6 | 621.3822 SON | SEECS013630 | 02/02/2024 | 09/27/2022 | 01/04/2017 | Book |
